Dennis Quaid Movies Quiz Stats

 Plays Quiz Updated Jan 1, 2021

     
Support Sporcle.
Go Orange.
Score 0/71 Timer 09:00
0 Plays Today
Year Movie % Correct
2002The Rookie
61.9%
1989Great Balls of Fire!
40.5%
1998The Parent Trap
39.3%
1994Wyatt Earp
38.2%
2004The Day After Tomorrow
35.6%
2019Midway
34.8%
1987Innerspace
32%
2017A Dog's Purpose
30.3%
2019A Dog's Journey
26.9%
2000Frequency
26.1%
2004The Alamo
25.7%
2008Vantage Point
24.8%
2019The Intruder
24.3%
2009G.I. Joe: The Rise of Cobra
22.4%
1999Any Given Sunday
21.9%
2018I Can Only Imagine
21.2%
1983Jaws 3-D
20%
1983The Right Stuff
19.4%
2012What to Expect When You're Expecting
18.8%
2005Yours, Mine and Ours
18.8%
1987The Big Easy
18.7%
1988D.O.A.
18.6%
2018Kin
18.5%
2012Playing for Keeps
17.9%
1979Breaking Away
17.4%
2012At Any Price
15.9%
2012The Words
15.6%
2013Movie 43
15.6%
2018The Pretenders
15.1%
2015Truth
14.5%
1995Something to Talk About
13.6%
2008The Express
13.2%
1988Everybody's All-American
12.9%
2006American Dreamz
12.3%
1985Enemy Mine
12.2%
2004Flight of the Phoenix
12.2%
Year Movie % Correct
2004In Good Company
12%
2017Mad Families
11.8%
1996Dragonheart
11.4%
2000Traffic
9.7%
2011Footloose
9.7%
2002Far from Heaven
9%
1984Dreamscape
8.6%
1993Undercover Blues
8.5%
2009 Pandorum
8.1%
2008Smart People
8.1%
2003Cold Creek Manor
7.7%
1993Flesh and Bone
7.4%
1987Suspect
7.2%
1997Switchback
7.2%
1990Postcards from the Edge
6.9%
2009The Horsemen
6.7%
1980The Long Riders
6.7%
1981Caveman
6.3%
2009Legion
6%
2011Soul Surfer
5.4%
1993Wilder Napalm
5.1%
1983Tough Enough
5.1%
1981The Night the Lights Went Out in Georgia
5.1%
1980Gorp
5%
1998Savior
4.8%
1977I Never Promised You a Rose Garden
4.7%
2007Terra
4.6%
1998Playing by Heart
4.6%
1981All Night Long
4.5%
1997Gang Related
4.4%
1978The Seniors
4.4%
1990Come See the Paradise
4.3%
1978Our Winning Season
4.2%
1977September 30, 1955
4.2%
2011Beneath the Darkness
3.4%

From the Vault

AP All-Americans

by sknapp

Sports 16m
Some of these players made it in the NBA, others...well they made it into this quiz.
Remove Ads.
Support Sporcle.
Get the best of Sporcle when you Go Orange. This ad-free experience offers more features, more stats, and more fun while also helping to support Sporcle. Thank you for becoming a member.

Show Comments

Extras

Top Quizzes Today


Score Distribution

Your Account Isn't Verified!

In order to create a playlist on Sporcle, you need to verify the email address you used during registration. Go to your Sporcle Settings to finish the process.

Report this User

Report this user for behavior that violates our Community Guidelines.

Details: